000 00384 a2200169 4500
001 157094
020 _a9788584251865
040 _cEscola São Tomás de Aquino
100 _aROCHA, Lavínia
240 1 0 _aEntre três mundos
_lpor
245 1 0 _aEntre três mundos
300 _a218 p.
362 0 _a2019
440 1 _aD'Plácido
697 _a*LITERATURA JUVENIL
942 _cBK
999 _c157094
_d157094